|
|
|
|
| LEADER |
00000nam2a2200000 4500 |
| 001 |
296036 |
| 005 |
20231102000852.0 |
| 020 |
|
|
|a RU
|b 81-57277ж
|
| 035 |
|
|
|a (RuTPU)RU\TPU\book\321129
|
| 035 |
|
|
|a RU\TPU\book\308854
|
| 090 |
|
|
|a 296036
|
| 100 |
|
|
|a 20150527d1984 k y0rusy5003 ca
|
| 101 |
0 |
|
|a rus
|
| 102 |
|
|
|a UA
|
| 105 |
|
|
|a a z 001zy
|
| 200 |
0 |
|
|a Вып. 33
|
| 210 |
|
|
|d 1984
|
| 215 |
|
|
|a 98 с.
|e ил.
|
| 320 |
|
|
|a Библиография в конце статей
|
| 461 |
|
1 |
|0 (RuTPU)RU\TPU\book\108853
|t Технология и автоматизация машиностроения
|o республиканский межведомственный научно-технический сборник
|f Киевский политехнический институт (КПИ)
|v Вып. 33
|d 1966-1991
|
| 606 |
1 |
|
|a Машиностроение
|x Технология
|2 stltpush
|3 (RuTPU)RU\TPU\subj\41485
|9 61275
|
| 610 |
1 |
|
|a исследование
|
| 610 |
1 |
|
|a установки
|
| 610 |
1 |
|
|a автоматизация
|
| 610 |
1 |
|
|a магнитно-абразивная обработка
|
| 610 |
1 |
|
|a рабочие поверхности
|
| 610 |
1 |
|
|a износ
|
| 610 |
1 |
|
|a электромагниты
|
| 610 |
1 |
|
|a детали
|
| 610 |
1 |
|
|a точность
|
| 610 |
1 |
|
|a влияние
|
| 610 |
1 |
|
|a вибросверление
|
| 610 |
1 |
|
|a шероховатость
|
| 610 |
1 |
|
|a сборочные процессы
|
| 610 |
1 |
|
|a робототехнические комплексы
|
| 675 |
|
|
|a 621.002
|z rus
|v 3
|
| 801 |
|
0 |
|a RU
|b RuMRKP
|c 19950704
|g psbo
|
| 801 |
|
1 |
|a RU
|b 63413507
|c 20060831
|g PSBO
|
| 801 |
|
2 |
|a RU
|b 63413507
|c 20190304
|g PSBO
|
| 942 |
|
|
|c BK
|